| 000 | 01265cam a2200385 a 4500 | ||
|---|---|---|---|
| 001 | 14429406 | ||
| 003 | OSt | ||
| 005 | 20140310182700.0 | ||
| 008 | 060627s2008 mauab b 001 0 eng | ||
| 010 | _a 2006046621 | ||
| 020 | _a9780073530956 (pbk. alk. paper) | ||
| 020 | _a0073530956 (pbk. : alk. paper) | ||
| 040 |
_aDLC _cDLC _dDLC |
||
| 050 | 0 | 0 |
_aGN 316 _b.K87 2009 |
| 082 | 0 | 0 |
_aM 301 _bK84 2009 |
| 100 | 1 | _aKottak, Conrad Phillip. | |
| 245 | 1 | 0 |
_aCultural anthropology _cKottak, Conrad Phillip |
| 250 | _a12th ed. | ||
| 260 |
_aBoston _bMcGraw Hill _cc2009 |
||
| 300 |
_a1 v. (various pagings) _bcol. ill., maps _c28 cm. _e1 computer optical disk (4 3/4 in.) |
||
| 504 | _aIncludes bibliographical references (p. B1-B35) and indexes. | ||
| 521 | _aCollege Students | ||
| 526 | _c1210L-1700L | ||
| 541 | _j1 | ||
| 541 | _j2 | ||
| 541 | _j3 | ||
| 541 | _j4 | ||
| 541 | _j5 | ||
| 562 | _e5 | ||
| 650 | 0 | _aEthnology. | |
| 856 | 4 | 1 |
_3Table of contents _uhttp://www.loc.gov/catdir/toc/fy0801/2006046621.html |
| 906 |
_a7 _bcbc _corignew _d1 _eocip _f20 _gy-gencatlg |
||
| 942 |
_2lcc _cBK _kM |
||
| 999 |
_c15164 _d15164 |
||